000 01104nam a2200253 i 4500
001 157643
003 ES-MaACL
005 20250930063135.0
008 020925s1878 sp |||| | spa d
040 _aCCPB | B
_bspa
_cCCPB | B
100 1 _aLeube, Wilhelm von,
_d1842-1922
_971897
245 1 0 _aTerapéutica de las afecciones del estómago /
_cpor W.O. Leube ; traducida directamente del alemán por Isidoro de Miguel y Viguri.
260 _aMadrid :
_b[s.n.],
_c1878 (
_fImprenta de Enrique Teodoro)
300 _a25 p. ;
_c23 cm.
490 1 _aBiblioteca Económica de Medicina y Cirujía
490 1 _aColección de historias clínicas alemanas publicadas por Ricardo Wolkmann
650 4 _aEstómago-
_xEnfermedades.
_9136069
700 0 _aMiguel y Viguri, Isidoro de.
_981043
830 0 _aBiblioteca económica de medicina y cirujía
_9186248
830 0 0 _aColección de historias clínicas alemanas publicadas por Ricardo Wolkmann
_9188128
852 _aES-MaACL
_jB-12699(2)
_z-- Enc. hol.
_z-- Enc. en un vol. facticio
999 _c157643
_d157643